Republican Presidents of the United States - Statistics

General Stats
  • This quiz has been taken 238 times
    207 since last reset
  • The average score is 17 of 19
Answer Stats
Hint Answer % Correct
2017-present Donald Trump
100%
1989-1993 George H.W. Bush
99%
2001-2009 George W. Bush
99%
1861-1865 Abraham Lincoln
97%
1953-1961 Dwight D. Eisenhower
97%
1969-1974 Richard Nixon
97%
1981-1989 Ronald Reagan
97%
1974-1977 Gerald Ford
94%
1901-1909 Theodore Roosevelt
94%
1929-1933 Herbert Hoover
93%
1923-1929 Calvin Coolidge
89%
1909-1913 William H. Taft
88%
1869-1877 Ulysses S. Grant
86%
1921-1923 Warren G. Harding
84%
1881-1881 James A. Garfield
82%
1897-1901 William McKinley
82%
1881-1885 Chester Arthur
81%
1877-1881 Rutherford B. Hayes
81%
1889-1893 Benjamin Harrison
79%
No matching quizzes found
Score Distribution
Percent of People with Each Score
Percentile by Number Answered
Your Score History
You have not taken this quiz since the last reset